01687nmm a2200277 i 4500003000900000005001700009007000300026008004100029040003300070100004400103245026200147264003800409300005800447336002700505337002900532338003900561347003100600502019700631504003500828505023900863650005701102650005001159650002501209700003501234856014001269DO-SdISF20250319140209.0ta240130s2020 dr ||||fo||d| 00| 0 spa d aDO-SdISFbspacDO-SdISFerda1 aSantos Tavárez, Gabriel de loseAutor10aInstrumento de Evaluación de los Niveles de Concreción Curricular y los Planes Anuales, de Unidad Didáctica y de las Clases Diarias del Área de Educación Física /cAutor: Gabriel De Los Santos Tavárez ; Asesor: Diego Rafael La Rotta Villamizar 1aSanto Domingo :bISFODOSU, c2020 a1 recurso en línea (117 páginas) :bIlustraciones 2rdacontentatextobtxt 2rdamediaacomputadorabc 2rdacarrierarecurso en líneabcr 2rdaaarchivo de textobPDF aTesis para optar por el título de Maestría en Educación Física Integral - Instituto Superior de Formación Docente Salomé Ureña - ISFODOSU, Recinto Eugenio María de Hostos, 2020 aBibliografía en página 51  aIntroducción al problema de investigación 4 – revisión de la Literatura 15 – metodología 22 – presentación de los resultados 35 – interpretación de los resultados 45 - referencias bibliográficas 51 – anexos 5717aEducación físicazRepública Dominicana2armarc17aEvaluación curricularxInstrumentos2armarc14aPlanes de desarrollo aLa Rotta, Diego RafaeleAsesor yClic para ver Texto Completouhttps://biblioteca.isfodosu.edu.do/cgi-bin/koha/opac-retrieve-file.pl?id=12d5f3cdb5803559f0c8096b216e860b